00467 2200193 4500001002100000005001500021035002000036008004100056245004000097100002300137250000600160260003600166300001100202084001400213082000800227650001400235990001200249990001200261INLIS00000000000033820240503082337 a0010-0424000314240503 0 ind 1 a20 Sifat Allah /cNur Khoiro Umatin aKhoiro Umatin, Nur a1 aJakarta :bCempaka Putih,c2016 a68 hlm a2X3 NUR s a2X3 4aNon Fiksi a0728722 a0728723